| 000 | 00470nam a2200133Ia 4500 | ||
|---|---|---|---|
| 999 |
_c11703 _d11703 |
||
| 082 | _aTE.0001 | ||
| 100 | _aEashvaraiah, Pulluru | ||
| 245 | 0 | _aCommunist party in power in Indian states: a study of the promise of new society in the context of the Bourgeois Liberal Social System | |
| 260 |
_c1985 _bKanpur University |
||
| 300 |
_a506, 41p. _eCD-18 |
||
| 650 |
_aLand _vCommunist party of india _vPolitics and government _zIndia |
||
| 710 | _aB.K. Joshi | ||
| 942 |
_cTH _2ddc |
||